| 000 | 00458 a2200157 4500 | ||
|---|---|---|---|
| 005 | 20250428114911.0 | ||
| 020 | _a978-0-324-36075-2 | ||
| 082 | _a658 ADL | ||
| 100 | _aADLER, N .J . | ||
| 245 | _aInternational Dimensions of Organizational Behavior | ||
| 250 | _a5th Ed. | ||
| 260 |
_aAustralia, _bSouth-Western, _c2008. |
||
| 300 |
_axvi, 398p.: ill.; figure, picture, table, _breference & index, _c24cm. |
||
| 700 | _aGUNDERSEN, A | ||
| 942 |
_2ddc _cBKS |
||
| 999 |
_c1705 _d1705 |
||